| 000 | 00656nam a22002297a 4500 | ||
|---|---|---|---|
| 005 | 20170124110238.0 | ||
| 010 | _aA-740247 | ||
| 020 | _c00.00 | ||
| 035 | _aA-740247 | ||
| 037 | _bCen Lib/Ret | ||
| 040 |
_aDPL _bEN |
||
| 082 |
_a301.353 _bNAI |
||
| 100 |
_aNair, C. Sankaran _922457 |
||
| 245 |
_aGandhi and anarchy / _cby C. Sankaran Nair |
||
| 250 | _a2nd ed | ||
| 260 |
_aNew Delhi _bMittal Publication _c1995 |
||
| 270 |
_aA-110, Moahn Graden _bNew Delhi _e110059 |
||
| 300 |
_axiv, 262p. _c22cm(Hb) |
||
| 650 |
_aPolitical science _9112888 |
||
| 650 |
_aPolitical and social views _97882 |
||
| 942 |
_2ddc _cEN _h301.353 _mNAI |
||
| 999 |
_c134989 _d134989 |
||